000 00823nam a2200229Ii 4500
003 JO-AjNU
008 230605s9999||||xx |||||||||||||| ||und||
017 _a75/2646
040 _aJO-AjNU
_bara
_erda
_cJO-AjNU
041 _aara
050 1 4 _aBF175.S77.1975
100 3 _aستور،انتوني ، غالي،محمد احمد ، عفيفي،الهامي عبد الظاهر/ترجمة,
_eauthor
_913502
245 0 0 _aالعدوان البشري
250 _aط1
264 3 1 _aالاسكندرية:الهيئة المصرية العامة للكتاب ،1975
300 _a185ص
336 _atext
_btxt
_2rdacontent
337 _aunmediated
_bn
_2rdamedia
338 _avolume
_bnc
_2rdacarrier
490 0 _aعلم النفس الاكلينيكي والمرضي
650 4 _aعلم نفس اكلينيكي
_913503
999 _aA3379
_c6947
_d6947